10 najwyżej ocenionych kart w fifie 22 - Statystyki

Ogólne statystyki
  • Ten quiz został rozwiązany 40 razy
  • Średni wynik to 6 z 10
Statystyki odpowiedzi
Hint Odpowiedź % Poprawnych
93 Messi
100%
91 Ronaldo
100%
91 Mbappe
94%
92 Lewandowski
86%
91 Neymar
64%
91 De bruyne
58%
90 Kane
47%
90 Neuer
42%
91 Oblak
36%
90 Kante
19%
Nie znaleziono quizów pasujących do podanych kryteriów
Rozkład punktacji
Procent ludzi z każdym wynikiem
Percentyl według liczby udzielonych odpowiedzi
Twoja historia wyników
Nie rozwiązałeś tego quizu